000 00597cam a2200217ua 4500
001 8364
005 20260515114327.0
008 150129n ii |||gr||||Z||||||asm
020 _a8173391084
040 _cMAIN
041 _aasm
082 _a371.3954
100 _aGoswami, R. K.,
_eAuthor.
245 1 _aSikshadanar paddhati, kausal aru bharatiya sikshar nava parikrama
_cBy Rajani Kanta Goswami
250 _a1st.
260 _aDibrugarh:
_bBanalata,
_c2009.
300 _a318p.
653 _aSchools & their activities special education
653 _aEducational technique
942 _cBK
999 _c7469
_d7469